000 00508nam a22001937a 4500
999 _c2419
_d2419
003 URS
005 20220114142131.0
008 191106s1996 ph |||| |||| 00| 0 eng d
020 _a971598021
040 _cURS
_beng
_drda
050 1 4 _aPL 6165
_b.C227 1996
100 _aCanonigo,C.S
245 1 4 _aMga bugtong,salawikain,sawikain at mga piling tula
_cC.S Canonigo
300 _aviii,192pages:
_bwith illustration;
_c17 cm.
650 _aRiddles
650 _aQuotations
650 _aPoems
942 _2lcc
_cF